000 02095nam0a2200433 4500
001 RU\NLR\BIBL_A\011477216
005 20260407093102.0
021 _aRU
_b2017-47325
_93401
029 1 0 _aRU
_b34007-2016
_cГОСТ
035 _a(RuMoRGB)008921292
035 _a(NLR Aleph) 011477216
090 _a11880476
_c11880476
100 _a20170921d2017 k y0rusy50 ca
101 0 _arus
102 _aRU
105 _ay l 000|y
200 1 _aПлиты древесно-стружечные
_iОпределения и классификация
_dParticleboards. Definitions and classification
_zeng
_eГОСТ 34007-2016
_fразработан Центром по стандартизации лесопродукции "ЛЕССЕРТИКА" (ООО "ЦСЛ "ЛЕССЕРТИКА")
205 _aИзд. офиц.
210 _aМосква
_cСтандартинформ
_d2017
215 _aII, 4 c.
_d29
225 1 _aМежгосударственный стандарт
_fМежгосударственный совет по стандартизации, метрологии и сертификации
239 _aВвед. 01.11.2017
510 1 _aParticleboards
_zeng
510 1 _aDefinitions and classification
_zeng
517 1 _aГОСТ 34007-2016
606 1 _aДревесно-стружечные плиты
_jСтандарты
_92224959
_3RU\NLR\AUTH\661335745
610 0 _aдревесно-стружечные плиты
610 0 _aклассификация
610 0 _aопределения
675 _a674.815-41:006.354
686 _a79.060.20
_v2000
_2МКС
686 1 _aМ133.7я861
712 0 2 _4725
_aМежгосударственный совет по стандартизации, метрологии и сертификации
_9321571
_3RU\NLR\AUTH\8823529
712 0 2 _4900
_a"Лессертика", центр по стандартизации лесопродукции
_cБалабаново
_9533762
_3RU\NLR\AUTH\880434688
942 _cBOOK
980 _aNBR